Ö.Bundesliga Meister - Sudden Death - Statistiken

Allgemein
  • Dieses Quiz wurde 135 mal gespielt
  • Das Durchschnittsergebnis liegt bei 7 aus 16
Answers on the Grid
Answers color-coded by a green-red scale on the quiz's grid according to % correct below.
Grazer AK
Wolfsberger AC
Amstetten
FC Linz
WAF Brigittenau
SW Bregenz
Floridsdorfer AC
Wiener AC
FC Pinzgau
FK Austria Wien
SV Mattersburg
Admira Wacker
Wacker Innsbruck
FC Hertha Wels
SV Ried
Wacker Wien
SK Sturm Graz
First Vienna
Rapid Wien
Austria Klagenfurt
WSG Tirol
Austria Lustenau
Admira Wien
Vorwärts Steyr
Kapfenberger SV
Wiener Neustadt
Austria Kärnten
Kremser SC
Linzer ASK
Wiener SportClub
RedBull Salzburg
SCR Altach
 
Antwortstatistiken
Antwort % Korrekt
Rapid Wien
90%
SK Sturm Graz
86%
FK Austria Wien
81%
RedBull Salzburg
81%
Grazer AK
52%
FC Linz
38%
Wacker Innsbruck
38%
Admira Wacker
29%
First Vienna
29%
Wiener AC
29%
Linzer ASK
24%
Admira Wien
19%
Floridsdorfer AC
19%
Wacker Wien
19%
Wiener SportClub
19%
WAF Brigittenau
10%
Keine übereinstimmenden Quizze gefunden
Verteilung der Resultate
Anzahl Personen mit jedem Resultat
Perzentil nach korrekt beantworteten Fragen
Ihre Resultats-Entwicklung
Sie haben dieses Quiz noch nicht gespielt